00455nam a22001692 4500001001100000005001700011008004100028020002800069040001500097050002100112100003000133245002500163250001200188260003300200300001500233650003700248000000381320151217145740.0070515s xx 000 0 eng d a0471609978 :cGBP 55.95 aKABUcKABU 0aQC688b.Y37 19891 aYariv, Amnon.@000015399310aQuantum electronics. a3rd ed. aNew York :bJ. Wiley,c1989. axx, 676 p. 0aQuantum electronics.@0000153994